000 002720000a22000970004500
100 1 _aKruger, P. A.
245 1 0 _aComunicación noverbal y gestos simbólicos
300 _aVol. 7, Num 2 (II Semestre, 1997), Páginas 12-21
773 0 _tTraducción de la Biblia
942 _cANA
999 _c52703
_d52703